| Tag |
First Indicator |
Second Indicator |
Subfields |
| LEADER |
00000cam a2200000 a 4500 |
| 001 |
in00004488198 |
| 005 |
20191202143901.0 |
| 008 |
940728s1994 mou b 001 0 eng d |
| 020 |
|
|
|a 0815134371 (pbk.)
|
| 035 |
|
|
|a (OCoLC)30840131
|
| 035 |
|
|
|9 AAG2509MS
|
| 035 |
|
|
|z (UtOrBLW)19827
|
| 035 |
|
|
|a 32324
|
| 040 |
|
|
|a TPN
|c TPN
|d TOM
|d TMV
|d UtOrBLW
|
| 049 |
|
|
|a TMVM
|c 1
|
| 096 |
|
|
|a WB 39
|b M489 1994
|
| 245 |
0 |
4 |
|a The Medical book of lists :
|b a primer of differential diagnosis in internal medicine /
|c Norton J. Greenberger [and others].
|
| 250 |
|
|
|a Fourth edition.
|
| 264 |
|
1 |
|a St. Louis :
|b Mosby,
|c [1994]
|
| 264 |
|
4 |
|c ©1994
|
| 300 |
|
|
|a xx, 335 pages ;
|c 17 cm.
|
| 336 |
|
|
|a text
|2 rdacontent
|b txt
|
| 337 |
|
|
|a unmediated
|2 rdamedia
|
| 338 |
|
|
|a volume
|2 rdacarrier
|b nc
|
| 504 |
|
|
|a Includes bibliographical references and index.
|
| 505 |
0 |
|
|a Cardiology -- Endocrinology: metabolism -- Gastroenterology -- Hematology: oncology -- Infectious disease -- Nephrology -- Pulmonary disease -- Clinical immunology and rheumatology -- Neurology -- Dermatology -- Acquired immunodeficiency syndrome (AIDS).
|
| 650 |
|
2 |
|a Diagnosis, Differential
|v Handbooks.
|
| 700 |
1 |
|
|a Greenberger, Norton J.
|
| 999 |
|
|
|a MARS
|
| 999 |
f |
f |
|s ebdde648-553c-3a5a-bcbd-52b43821de5d
|i 41d6edee-157b-31b6-a858-422075ee46de
|t 0
|
| 952 |
f |
f |
|p ric
|a Texas A&M University
|b Rellis Campus
|c Joint Library Facility
|d Remote Storage
|t 0
|e WB 39 M489 1994
|h National Library of Medicine classification
|i unmediated -- volume
|m 323890100206Y
|
| 998 |
f |
f |
|a WB 39 M489 1994
|t 0
|l Remote Storage
|